西武鉄道の車両基地 - Statistics

General Stats
  • This quiz has been taken 36 times
  • The average score is 5 of 8
Answer Stats
答え % Correct
小手指車両基地
93%
武蔵丘車両基地
78%
上石神井車両基地
74%
玉川上水車両基地
74%
南入曽車両基地
70%
横瀬車両基地
67%
白糸台車両基地
30%
山口車両基地
22%
No matching quizzes found
Score Distribution
Percent of People with Each Score
Percentile by Number Answered
Your Score History
You have not taken this quiz